[Event "Avoine op 25th"]
[Site "Avoine"]
[Date "2010.07.17"]
[Round "1"]
[White "Le Ray, Olivier"]
[Black "Eden, James"]
[Result "0-1"]
[WhiteElo "1927"]
[BlackElo "2090"]
[PlyCount "116"]
[EventDate "2010.07.??"]
[EventType "swiss"]
[EventRounds "9"]
[EventCountry "FRA"]
[Source "Mark Crowther"]
[SourceDate "2010.08.02"]
[WhiteTeamCountry "FRA"]
[BlackTeamCountry "FRA"]

1. e4 e5 2. Nf3 Nc6 3. Bb5 a6 4. Ba4 Nf6 5. O-O Be7 6. Re1 b5 7. Bb3 O-O 8. h3
d6 9. c3 Na5 10. Bc2 c5 11. d4 Nd7 12. Nbd2 exd4 13. cxd4 Nc6 14. d5 Nce5 15.
Nxe5 Nxe5 16. f4 Ng6 17. Nf3 Re8 18. Ng5 Bxg5 19. fxg5 Ne5 20. Rf1 a5 21. Qh5
Ba6 22. Bf4 Qd7 23. Rae1 b4 24. Bxe5 Rxe5 25. Rf4 Qe7 26. h4 Bc4 27. Rc1 Bxa2
28. Rcf1 Rf8 29. Ra1 b3 30. Bd3 c4 31. Bxc4 Qa7+ 32. Kh2 Qd4 33. Qe2 Rc8 34.
Bd3 a4 35. Raf1 Rc7 36. Qg4 Ree7 37. Qe2 a3 38. bxa3 b2 39. Qd2 g6 40. Qe2 Rc1
41. Qf2 Qxf2 42. R4xf2 b1=Q 43. Bxb1 Rxb1 44. Rxb1 Bxb1 45. Rb2 Bxe4 46. Rb8+
Kg7 47. g4 Bxd5 48. h5 gxh5 49. gxh5 Re5 50. h6+ Kg6 51. Rg8+ Kh5 52. Rg7 Rxg5
53. Rxh7 Rg6 54. a4 Rxh6 55. Rg7 Rg6 56. Rh7+ Kg4 57. a5 Kg5 58. Kg3 Rh6 0-1

[Event "Avoine op 25th"]
[Site "Avoine"]
[Date "2010.07.17"]
[Round "1"]
[White "Bry, Stephane"]
[Black "Degremont, Patrick"]
[Result "1-0"]
[WhiteElo "2084"]
[BlackElo "1923"]
[PlyCount "43"]
[EventDate "2010.07.??"]
[EventType "swiss"]
[EventRounds "9"]
[EventCountry "FRA"]
[Source "Mark Crowther"]
[SourceDate "2010.08.02"]
[WhiteTeamCountry "FRA"]
[BlackTeamCountry "FRA"]

1. e4 e6 2. d4 d5 3. Nd2 dxe4 4. Nxe4 Nd7 5. Nf3 Ngf6 6. Nxf6+ Nxf6 7. Ne5 Be7
8. Be3 O-O 9. Bd3 Nd5 10. O-O Bf6 11. Ng4 Bg5 12. Qf3 Nb4 13. Rad1 Nxd3 14.
Rxd3 Be7 15. Ne5 Qd5 16. Qg3 Qxa2 17. Bh6 g6 18. Bxf8 Kxf8 19. Qf4 f6 20. Qh6+
Ke8 21. Qxh7 fxe5 22. dxe5 1-0

[Event "Avoine op 25th"]
[Site "Avoine"]
[Date "2010.07.17"]
[Round "1"]
[White "Potaux, Olivier"]
[Black "Soyer, Jean Yves"]
[Result "1-0"]
[WhiteElo "1918"]
[BlackElo "2079"]
[PlyCount "43"]
[EventDate "2010.07.??"]
[EventType "swiss"]
[EventRounds "9"]
[EventCountry "FRA"]
[Source "Mark Crowther"]
[SourceDate "2010.08.02"]
[WhiteTeamCountry "FRA"]
[BlackTeamCountry "FRA"]

1. d4 Nf6 2. Nf3 g6 3. Bg5 Bg7 4. Nbd2 O-O 5. e4 d5 6. Bd3 Nxe4 7. Bxe4 dxe4 8.
Nxe4 h6 9. Bf4 b6 10. O-O Bb7 11. Re1 Nd7 12. c3 g5 13. Bd2 e6 14. h3 Nf6 15.
Nxf6+ Bxf6 16. Ne5 Bg7 17. Qh5 f5 18. h4 Qd5 19. f3 g4 20. Bxh6 gxf3 21. gxf3
Qd8 22. Bxg7 1-0

[Event "Avoine op 25th"]
[Site "Avoine"]
[Date "2010.07.17"]
[Round "1"]
[White "Mauffrey, Hugues"]
[Black "Marchadour, Claire"]
[Result "1-0"]
[WhiteElo "1911"]
[BlackElo "2072"]
[PlyCount "33"]
[EventDate "2010.07.??"]
[EventType "swiss"]
[EventRounds "9"]
[EventCountry "FRA"]
[Source "Mark Crowther"]
[SourceDate "2010.08.02"]
[WhiteTeamCountry "FRA"]
[BlackTeamCountry "FRA"]

1. d4 d5 2. e4 dxe4 3. Nc3 Nf6 4. f3 e6 5. fxe4 Bb4 6. Bd3 Nxe4 7. Nge2 Nxc3 8.
bxc3 Bd6 9. O-O c5 10. Nf4 Bd7 11. Nxe6 Bxh2+ 12. Kh1 fxe6 13. Qh5+ Ke7 14.
Rf7+ Kd6 15. Kxh2 Kc6 16. Rxd7 Kxd7 17. Bb5+ 1-0

[Event "Avoine op 25th"]
[Site "Avoine"]
[Date "2010.07.17"]
[Round "1"]
[White "Peyre, Thomas"]
[Black "Gomard, Alexandre"]
[Result "1-0"]
[WhiteElo "2065"]
[BlackElo "1909"]
[PlyCount "41"]
[EventDate "2010.07.??"]
[EventType "swiss"]
[EventRounds "9"]
[EventCountry "FRA"]
[Source "Mark Crowther"]
[SourceDate "2010.08.02"]
[WhiteTeamCountry "FRA"]
[BlackTeamCountry "FRA"]

1. e4 e6 2. d4 d5 3. Nd2 c5 4. Ngf3 Nf6 5. exd5 Nxd5 6. Ne4 cxd4 7. Nxd4 Bd7 8.
a3 Nf6 9. Bd3 Nc6 10. Be3 Nxd4 11. Bxd4 Be7 12. c3 Bc6 13. Qe2 a6 14. Rd1 Qc7
15. O-O e5 16. Nxf6+ gxf6 17. Be3 Rg8 18. f3 h5 19. Qf2 O-O-O 20. Bb6 Rd5 21.
Bf5+ 1-0

[Event "Avoine op 25th"]
[Site "Avoine"]
[Date "2010.07.17"]
[Round "1"]
[White "Grateau, Jean Noel"]
[Black "Dessenne, Francois"]
[Result "0-1"]
[WhiteElo "1908"]
[BlackElo "2063"]
[PlyCount "78"]
[EventDate "2010.07.??"]
[EventType "swiss"]
[EventRounds "9"]
[EventCountry "FRA"]
[Source "Mark Crowther"]
[SourceDate "2010.08.02"]
[WhiteTeamCountry "FRA"]
[BlackTeamCountry "FRA"]

1. e4 c5 2. Nc3 a6 3. f4 b5 4. Nf3 b4 5. Nd5 Bb7 6. d3 e6 7. Ne3 d5 8. e5 Nh6
9. g3 Be7 10. Bg2 O-O 11. O-O Nc6 12. Bd2 f6 13. exf6 Bxf6 14. Ng5 Bxg5 15.
fxg5 Rxf1+ 16. Nxf1 Nf7 17. h4 Qd7 18. a3 bxa3 19. Rxa3 d4 20. Qe2 Rf8 21. Rb3
e5 22. Nh2 Re8 23. Qg4 Qe7 24. g6 hxg6 25. Qxg6 Nb4 26. Bxb7 Qxb7 27. Ng4 Kf8
28. Bxb4 cxb4 29. Qe4 Qxe4 30. dxe4 a5 31. Rf3 Ke7 32. c3 dxc3 33. bxc3 b3 34.
Ne3 Rb8 35. Nd5+ Kf8 36. Rf1 a4 37. Nb4 a3 38. Ra1 b2 39. Rb1 Rxb4 0-1

[Event "Avoine op 25th"]
[Site "Avoine"]
[Date "2010.07.18"]
[Round "2"]
[White "Ribeiro, Romain"]
[Black "Drenchev, Petar"]
[Result "1/2-1/2"]
[WhiteElo "2159"]
[BlackElo "2514"]
[PlyCount "122"]
[EventDate "2010.07.??"]
[EventType "swiss"]
[EventRounds "9"]
[EventCountry "FRA"]
[Source "Mark Crowther"]
[SourceDate "2010.08.02"]
[WhiteTeamCountry "FRA"]
[BlackTeamCountry "FRA"]

1. e4 g6 2. h4 h5 3. Bc4 c6 4. Nc3 e6 5. d4 d5 6. Bd3 Bg7 7. e5 a6 8. Nce2 c5
9. c3 Nc6 10. f4 cxd4 11. Nxd4 Nxd4 12. cxd4 Nh6 13. Nf3 O-O 14. Qb3 Nf5 15.
Bxf5 exf5 16. Bd2 Re8 17. Rc1 b6 18. O-O a5 19. Rc6 Re6 20. Rfc1 a4 21. Qc2 Bd7
22. Rc7 Bf8 23. Ng5 Re8 24. Nxf7 Kxf7 25. Qc6 Re7 26. Rxd7 Rxd7 27. e6+ Kg7 28.
exd7 Ra7 29. Qxd5 Rxd7 30. Qe5+ Kh7 31. Rc6 Rxd4 32. Rc7+ Rd7 33. Rxd7+ Qxd7
34. Bc3 Bg7 35. Qxg7+ Qxg7 36. Bxg7 Kxg7 37. Kf2 Kf6 38. Ke3 Ke6 39. Kd4 Kd6
40. b3 axb3 41. axb3 Ke6 42. Kc4 Kd6 43. Kb5 Kd5 44. Kxb6 Ke4 45. Kc5 Kxf4 46.
b4 Kg3 47. b5 Kxg2 48. b6 f4 49. b7 f3 50. b8=Q f2 51. Qb2 Kg1 52. Qd4 Kg2 53.
Qe4+ Kg1 54. Qxg6+ Kh2 55. Qf5 Kg2 56. Kd4 f1=Q 57. Qxf1+ Kxf1 58. Ke4 Ke2 59.
Kf4 Kd3 60. Kg5 Ke4 61. Kxh5 Kf5 1/2-1/2

[Event "Avoine op 25th"]
[Site "Avoine"]
[Date "2010.07.18"]
[Round "2"]
[White "Inkiov, Ventzislav"]
[Black "Fruteau, Sabine"]
[Result "1-0"]
[WhiteElo "2474"]
[BlackElo "2142"]
[PlyCount "67"]
[EventDate "2010.07.??"]
[EventType "swiss"]
[EventRounds "9"]
[EventCountry "FRA"]
[Source "Mark Crowther"]
[SourceDate "2010.08.02"]
[WhiteTeamCountry "FRA"]
[BlackTeamCountry "FRA"]

1. e4 e5 2. Nf3 Nc6 3. Bc4 Bc5 4. d3 d6 5. Ng5 Nh6 6. c3 a6 7. O-O O-O 8. h3
Ba7 9. Qh5 Qf6 10. a4 Qg6 11. Qxg6 hxg6 12. Be3 Bxe3 13. fxe3 Nd8 14. Nd2 Kh8
15. Ndf3 Ng8 16. Nh4 Nf6 17. d4 Bd7 18. dxe5 dxe5 19. Rad1 Be8 20. a5 Bb5 21.
Bb3 Bxf1 22. Rxd8 Raxd8 23. Bxf7 Rxf7 24. Nxf7+ Kh7 25. Nxd8 Bc4 26. Nf3 Nxe4
27. Nxe5 Bd5 28. c4 Bg8 29. Nxb7 Nd6 30. Nc5 Nxc4 31. Nxc4 Bxc4 32. b3 Bb5 33.
Ne6 c6 34. Nd4 1-0

[Event "Avoine op 25th"]
[Site "Avoine"]
[Date "2010.07.18"]
[Round "2"]
[White "Bouget, Alexandre"]
[Black "Doncea, Vladimir"]
[Result "0-1"]
[WhiteElo "2140"]
[BlackElo "2474"]
[PlyCount "76"]
[EventDate "2010.07.??"]
[EventType "swiss"]
[EventRounds "9"]
[EventCountry "FRA"]
[Source "Mark Crowther"]
[SourceDate "2010.08.02"]
[WhiteTeamCountry "FRA"]
[BlackTeamCountry "FRA"]

1. d4 g6 2. c4 Bg7 3. Nc3 c5 4. d5 d6 5. e4 Nf6 6. f4 O-O 7. Nf3 e6 8. Be2 exd5
9. cxd5 Bg4 10. O-O Nbd7 11. h3 Bxf3 12. Bxf3 Re8 13. g4 h6 14. Qc2 c4 15. Be3
Qa5 16. h4 h5 17. g5 Ng4 18. Bxg4 hxg4 19. e5 dxe5 20. f5 e4 21. fxg6 fxg6 22.
Nxe4 Qxd5 23. Rf4 Qd3 24. Qxd3 cxd3 25. Rxg4 Ne5 26. Rf4 Nc4 27. Nf6+ Bxf6 28.
gxf6 Rxe3 29. Rxc4 Rd8 30. Kf2 Re6 31. f7+ Kxf7 32. Rc7+ Re7 33. Rc3 Re2+ 34.
Kf3 Rxb2 35. Rc7+ Kf6 36. Rf1 d2 37. Ke4+ Ke6 38. Rcf7 Rb4+ 0-1

[Event "Avoine op 25th"]
[Site "Avoine"]
[Date "2010.07.18"]
[Round "2"]
[White "Tirard, Hugo"]
[Black "Pallandre, Fabrice"]
[Result "1-0"]
[WhiteElo "2443"]
[BlackElo "2103"]
[PlyCount "47"]
[EventDate "2010.07.??"]
[EventType "swiss"]
[EventRounds "9"]
[EventCountry "FRA"]
[Source "Mark Crowther"]
[SourceDate "2010.08.02"]
[WhiteTeamCountry "FRA"]
[BlackTeamCountry "FRA"]

1. e4 e6 2. d4 d5 3. Nc3 Bb4 4. e5 c5 5. a3 Bxc3+ 6. bxc3 Ne7 7. Qg4 Kf8 8. a4
Qc7 9. Ra2 h6 10. Nf3 b6 11. Ba3 Ba6 12. Bxa6 Nxa6 13. O-O Kg8 14. h4 Kh7 15.
h5 Rac8 16. Rb1 cxd4 17. cxd4 Qc4 18. Rb3 Nc5 19. Nd2 Qxa4 20. Rbb2 Qd7 21.
dxc5 bxc5 22. Nb3 c4 23. Nc5 Qc6 24. Nxe6 1-0

[Event "Avoine op 25th"]
[Site "Avoine"]
[Date "2010.07.18"]
[Round "2"]
[White "Shirazi, Kamran G"]
[Black "Dube, Dimitri"]
[Result "0-1"]
[WhiteElo "2428"]
[BlackElo "2093"]
[PlyCount "98"]
[EventDate "2010.07.??"]
[EventType "swiss"]
[EventRounds "9"]
[EventCountry "FRA"]
[Source "Mark Crowther"]
[SourceDate "2010.08.02"]
[WhiteTeamCountry "FRA"]
[BlackTeamCountry "FRA"]

1. e4 Nf6 2. e5 Nd5 3. c4 Nb6 4. a4 d5 5. a5 Nxc4 6. f4 c5 7. Bxc4 dxc4 8. Qa4+
Nc6 9. a6 Qd7 10. Nf3 b6 11. Qxc4 Na5 12. Qe4 Rb8 13. d4 Nb3 14. Ra3 Nxd4 15.
Nxd4 Qxd4 16. Qf3 Bf5 17. Nc3 e6 18. Be3 Qd3 19. g4 Bxg4 20. Qc6+ Qd7 21. Qg2
Qd3 22. Qc6+ Qd7 23. Qb5 Bf3 24. O-O Qxb5 25. Nxb5 Be2 26. Nxa7 Bxf1 27. Kxf1
c4 28. Ra4 Bc5 29. Bxc5 bxc5 30. Rxc4 Kd7 31. Rxc5 Rxb2 32. Nb5 Rc8 33. Rxc8
Kxc8 34. Nd6+ Kd7 35. Nxf7 Rxh2 36. Ng5 h6 37. Ne4 Ra2 38. Kg1 Kc6 39. Ng3 g6
40. Ne4 Rxa6 41. Kg2 Ra4 42. Kf3 Rxe4 43. Kxe4 Kc5 44. Kd3 Kd5 45. Ke3 h5 46.
Kd3 h4 47. Ke3 h3 48. Kf3 h2 49. Kg2 Ke4 0-1

[Event "Avoine op 25th"]
[Site "Avoine"]
[Date "2010.07.18"]
[Round "2"]
[White "Herdier, Goulwenn"]
[Black "Saatdjian, Thomas"]
[Result "1/2-1/2"]
[WhiteElo "2112"]
[BlackElo "2369"]
[PlyCount "130"]
[EventDate "2010.07.??"]
[EventType "swiss"]
[EventRounds "9"]
[EventCountry "FRA"]
[Source "Mark Crowther"]
[SourceDate "2010.08.02"]
[WhiteTeamCountry "FRA"]
[BlackTeamCountry "FRA"]

1. e4 c5 2. Nf3 e6 3. c3 d5 4. e5 Nc6 5. d4 Qb6 6. a3 Nh6 7. Bd3 cxd4 8. cxd4
Nf5 9. Bxf5 exf5 10. O-O Be6 11. Nc3 Rc8 12. Qd3 Na5 13. Rb1 Be7 14. Bg5 Bxg5
15. Nxg5 Rc4 16. Rfd1 Nb3 17. Nf3 O-O 18. Ne2 Rfc8 19. Nd2 Nxd2 20. Rxd2 Qd8
21. Rdd1 Qg5 22. f4 Qh4 23. Rf1 a6 24. Nc3 b5 25. Nd1 g6 26. Ne3 R4c6 27. Qd2
h6 28. g3 Qe7 29. Rbc1 Qa7 30. Rxc6 Rxc6 31. Rd1 a5 32. Qg2 Qd7 33. Qe2 Rc7 34.
Qd2 Ra7 35. Rc1 f6 36. Rc5 fxe5 37. fxe5 Rc7 38. Qc3 Rxc5 39. Qxc5 g5 40. Nd1
f4 41. Nc3 fxg3 42. hxg3 Bf7 43. Qxb5 Qg4 44. Qd3 Kg7 45. b4 axb4 46. axb4 h5
47. Kf2 h4 48. gxh4 Qxh4+ 49. Kf1 Qh1+ 50. Ke2 Qg2+ 51. Ke1 Qb2 52. b5 Qc1+ 53.
Nd1 Bg6 54. Qe3 Qc4 55. Nc3 Qb3 56. e6 Kf8 57. e7+ Ke8 58. Kf2 Bf7 59. Kg3 Qb4
60. Kg4 Qxe7 61. Qxe7+ Kxe7 62. Kxg5 Kd6 63. Kf6 Bh5 64. Kf5 Bf3 65. Kf6 Bg2
1/2-1/2

[Event "Avoine op 25th"]
[Site "Avoine"]
[Date "2010.07.18"]
[Round "2"]
[White "Debray, Christopher"]
[Black "Suez Panama, Gilles"]
[Result "0-1"]
[WhiteElo "2362"]
[BlackElo "2081"]
[PlyCount "138"]
[EventDate "2010.07.??"]
[EventType "swiss"]
[EventRounds "9"]
[EventCountry "FRA"]
[Source "Mark Crowther"]
[SourceDate "2010.08.02"]
[WhiteTeamCountry "FRA"]
[BlackTeamCountry "FRA"]

1. d4 d5 2. c4 c6 3. Nf3 Nf6 4. e3 e6 5. Nbd2 Nbd7 6. Bd3 Qc7 7. O-O Be7 8. e4
dxe4 9. Nxe4 Nxe4 10. Bxe4 Nf6 11. Bc2 O-O 12. Qd3 g6 13. Ne5 c5 14. Bf4 Qb6
15. dxc5 Qxc5 16. Rfe1 Rd8 17. Qf3 a5 18. Rad1 Rxd1 19. Rxd1 a4 20. g4 g5 21.
Bg3 Ra6 22. Re1 Qd4 23. h4 h6 24. hxg5 hxg5 25. Bd3 Rb6 26. Rd1 Qc5 27. b3 axb3
28. axb3 Kg7 29. Bc2 Ra6 30. Be4 Qb4 31. Nd3 Qxb3 32. Be5 Ra5 33. Re1 Qxc4 34.
Rc1 Qxc1+ 35. Nxc1 Rxe5 36. Qc3 Rxe4 37. f3 Rb4 38. Qxc8 b6 39. Nd3 Rb1+ 40.
Kf2 Nd5 41. Qc2 Rf1+ 42. Ke2 Rh1 43. Qb3 b5 44. Kf2 b4 45. Ne5 Bf6 46. Nd7 Bd4+
47. Kg2 Rc1 48. Qa4 Rc2+ 49. Kh1 Rc1+ 50. Kg2 Rc7 51. Nb8 Rc2+ 52. Kh1 Rc1+ 53.
Kg2 Nf4+ 54. Kh2 Bg1+ 55. Kg3 Bc5 56. Nd7 Ne2+ 57. Kh2 Bd6+ 58. Kg2 Nf4+ 59.
Kf2 Rc3 60. Qa5 Nd5 61. Qa6 Rc2+ 62. Kg1 Be7 63. Qa1+ Nc3 64. Qa5 f6 65. Qb6
Kf7 66. Qb8 Ne2+ 67. Kf1 Ng3+ 68. Qxg3 b3 69. Qh3 Kg7 0-1

[Event "Avoine op 25th"]
[Site "Avoine"]
[Date "2010.07.18"]
[Round "2"]
[White "Lukasiewicz, Anna"]
[Black "Plachetka, Jan"]
[Result "0-1"]
[WhiteElo "2097"]
[BlackElo "2351"]
[PlyCount "64"]
[EventDate "2010.07.??"]
[EventType "swiss"]
[EventRounds "9"]
[EventCountry "FRA"]
[Source "Mark Crowther"]
[SourceDate "2010.08.02"]
[WhiteTeamCountry "FRA"]
[BlackTeamCountry "FRA"]

1. e4 c5 2. Nf3 d6 3. d4 cxd4 4. Nxd4 Nf6 5. Nc3 Nc6 6. Bg5 Qb6 7. Nb3 e6 8.
Qd2 Be7 9. Bxf6 gxf6 10. O-O-O a6 11. f4 Bd7 12. g3 O-O-O 13. Bh3 h5 14. Rhe1
Kb8 15. Qe2 h4 16. g4 Rc8 17. Kb1 Na5 18. e5 Nxb3 19. cxb3 d5 20. Bg2 fxe5 21.
Qxe5+ Bd6 22. Qf6 Qc7 23. Rf1 h3 24. Bh1 Bc6 25. g5 Qe7 26. Qd4 Rh4 27. Qd2 Qc7
28. f5 Bxh2 29. fxe6 fxe6 30. Qe1 Bg3 31. Qxe6 d4 32. Ne4 Re8 0-1

[Event "Avoine op 25th"]
[Site "Avoine"]
[Date "2010.07.18"]
[Round "2"]
[White "Rabineau, Clement"]
[Black "Sobry, Sebastien"]
[Result "1-0"]
[WhiteElo "2305"]
[BlackElo "2077"]
[PlyCount "79"]
[EventDate "2010.07.??"]
[EventType "swiss"]
[EventRounds "9"]
[EventCountry "FRA"]
[Source "Mark Crowther"]
[SourceDate "2010.08.02"]
[WhiteTeamCountry "FRA"]
[BlackTeamCountry "FRA"]

1. e4 c5 2. c3 d5 3. exd5 Qxd5 4. d4 Nc6 5. Nf3 Bg4 6. Be2 e6 7. h3 Bh5 8. c4
Qd6 9. d5 exd5 10. cxd5 Bxf3 11. Bxf3 Nd4 12. O-O Be7 13. Nc3 Nf6 14. Be3 Nxf3+
15. Qxf3 O-O 16. Rad1 Qb6 17. Bg5 Rad8 18. Rfe1 Rd7 19. b3 h6 20. Bh4 Qb4 21.
d6 Qxh4 22. dxe7 Re8 23. Rxd7 Nxd7 24. Nd5 Nb6 25. Nxb6 Qb4 26. Rd1 Qxb6 27.
Rd7 Qe6 28. Qxb7 Qe1+ 29. Kh2 Kh7 30. Qc7 Qe6 31. Qxa7 Qe5+ 32. g3 Qf5 33. Rd2
Qe5 34. Rd7 Qf5 35. Rd2 Qg5 36. Re2 Qd5 37. Qa4 Qf3 38. Qe4+ Qxe4 39. Rxe4 Kg6
40. a4 1-0

[Event "Avoine op 25th"]
[Site "Avoine"]
[Date "2010.07.18"]
[Round "2"]
[White "Eden, James"]
[Black "Perrin, Guillaume"]
[Result "1/2-1/2"]
[WhiteElo "2090"]
[BlackElo "2301"]
[PlyCount "120"]
[EventDate "2010.07.??"]
[EventType "swiss"]
[EventRounds "9"]
[EventCountry "FRA"]
[Source "Mark Crowther"]
[SourceDate "2010.08.02"]
[WhiteTeamCountry "FRA"]
[BlackTeamCountry "FRA"]

1. e4 e5 2. Nf3 Nc6 3. d4 exd4 4. Nxd4 Bc5 5. Be3 Bxd4 6. Bxd4 Nf6 7. Nc3 O-O
8. Be2 Re8 9. f3 Nxd4 10. Qxd4 d6 11. O-O-O Bd7 12. g4 Bc6 13. Bc4 a6 14. Kb1
b5 15. Bd5 Bxd5 16. Nxd5 Nxd5 17. Qxd5 Rb8 18. h4 Qf6 19. Rd3 Rb6 20. g5 Qe6
21. Qxe6 fxe6 22. f4 Rf8 23. Rf1 Rc6 24. b3 Rc5 25. Kb2 b4 26. c3 a5 27. cxb4
axb4 28. Rd4 e5 29. Rxb4 Rxf4 30. Rxf4 exf4 31. Rd4 Kf7 32. b4 Rb5 33. a4 Rb8
34. Kc3 Ke6 35. Kd3 c6 36. b5 cxb5 37. Rb4 Rf8 38. Rxb5 g6 39. Ke2 f3+ 40. Kf2
Rf4 41. Rb4 Rxh4 42. a5 Ke5 43. Ra4 d5 44. a6 dxe4 45. Kg3 f2 46. Ra5+ Kd4 47.
Kxf2 Rf4+ 48. Ke2 Rf8 49. a7 Ra8 50. Ra4+ Ke5 51. Ke3 Kf5 52. Ra5+ Kg4 53. Kxe4
Kh4 54. Kf4 Rf8+ 55. Ke3 Ra8 56. Kd4 Kg4 57. Kc5 Kxg5 58. Kb6+ Kg4 59. Kb7
Rxa7+ 60. Rxa7 h5 1/2-1/2

[Event "Avoine op 25th"]
[Site "Avoine"]
[Date "2010.07.18"]
[Round "2"]
[White "Dieu, Bruno"]
[Black "Peyre, Thomas"]
[Result "1/2-1/2"]
[WhiteElo "2296"]
[BlackElo "2065"]
[PlyCount "56"]
[EventDate "2010.07.??"]
[EventType "swiss"]
[EventRounds "9"]
[EventCountry "FRA"]
[Source "Mark Crowther"]
[SourceDate "2010.08.02"]
[WhiteTeamCountry "FRA"]
[BlackTeamCountry "FRA"]

1. d4 Nf6 2. Nf3 e6 3. e3 c5 4. Bd3 d6 5. O-O Be7 6. b3 Nc6 7. Bb2 O-O 8. Nbd2
b6 9. a3 Bb7 10. c4 Qc7 11. Qc2 h6 12. Rac1 Rfd8 13. Rfd1 Rac8 14. Qc3 Ne8 15.
Bb1 a6 16. d5 exd5 17. cxd5 Bf6 18. Qc2 Ne7 19. Qh7+ Kf8 20. Nd4 Qb8 21. Qh8+
Ng8 22. Bh7 cxd4 23. Qxg8+ Ke7 24. exd4 Rxc1 25. Rxc1 Nc7 26. Re1+ Ne6 27.
Rxe6+ fxe6 28. Qxe6+ Kf8 1/2-1/2

[Event "Avoine op 25th"]
[Site "Avoine"]
[Date "2010.07.18"]
[Round "2"]
[White "Menager, Erwan"]
[Black "Ollier, Pablo"]
[Result "0-1"]
[WhiteElo "2087"]
[BlackElo "2293"]
[PlyCount "48"]
[EventDate "2010.07.??"]
[EventType "swiss"]
[EventRounds "9"]
[EventCountry "FRA"]
[Source "Mark Crowther"]
[SourceDate "2010.08.02"]
[WhiteTeamCountry "FRA"]
[BlackTeamCountry "FRA"]

1. e4 e5 2. Nf3 Nc6 3. Bb5 a6 4. Ba4 d6 5. c3 f5 6. d3 Nf6 7. Qe2 Be7 8. O-O
O-O 9. Bb3+ Kh8 10. Ng5 d5 11. exd5 Nxd5 12. Qh5 Bxg5 13. Bxg5 Nf6 14. Qh4 f4
15. Na3 Ne7 16. Bxf6 Rxf6 17. Rfe1 Ng6 18. Qh5 f3 19. g3 Rf5 20. Qg4 Rf4 21.
Qh5 Bg4 22. Qxg6 hxg6 23. gxf4 Qh4 24. Kh1 Qxf2 0-1

[Event "Avoine op 25th"]
[Site "Avoine"]
[Date "2010.07.18"]
[Round "2"]
[White "Chanoine, Guillaume"]
[Black "Gros, Patrick"]
[Result "1-0"]
[WhiteElo "2276"]
[BlackElo "2050"]
[PlyCount "50"]
[EventDate "2010.07.??"]
[EventType "swiss"]
[EventRounds "9"]
[EventCountry "FRA"]
[Source "Mark Crowther"]
[SourceDate "2010.08.02"]
[WhiteTeamCountry "FRA"]
[BlackTeamCountry "FRA"]

1. e4 e6 2. d4 c5 3. Nf3 cxd4 4. Nxd4 Nf6 5. Nc3 Nc6 6. Ndb5 d6 7. Bf4 e5 8.
Bg5 a6 9. Na3 b5 10. Nd5 Be7 11. Bxf6 Bxf6 12. c3 O-O 13. Nc2 Rb8 14. Be2 Bg5
15. h4 Bxh4 16. Bd3 g6 17. a4 f5 18. g3 Bg5 19. Qe2 f4 20. Bxb5 fxg3 21. fxg3
Bd7 22. Bc4 Kh8 23. b4 Qc8 24. Nce3 Nd4 25. cxd4 exd4 1-0

[Event "Avoine op 25th"]
[Site "Avoine"]
[Date "2010.07.18"]
[Round "2"]
[White "Bodicker, Rob"]
[Black "Lukasiewicz, Grzegorz"]
[Result "0-1"]
[WhiteElo "2081"]
[BlackElo "2264"]
[PlyCount "76"]
[EventDate "2010.07.??"]
[EventType "swiss"]
[EventRounds "9"]
[EventCountry "FRA"]
[Source "Mark Crowther"]
[SourceDate "2010.08.02"]
[WhiteTeamCountry "FRA"]
[BlackTeamCountry "FRA"]

1. d4 d5 2. c4 c6 3. Nf3 Nf6 4. e3 a6 5. a4 Bf5 6. Nc3 e6 7. Nh4 Be4 8. f3 Bg6
9. Nxg6 hxg6 10. Qb3 Qc7 11. g3 Bd6 12. f4 Nbd7 13. c5 Be7 14. a5 g5 15. Bd2
Ng4 16. h3 gxf4 17. exf4 Bf6 18. Ne2 O-O-O 19. Bg2 Nh6 20. g4 Bh4+ 21. Kd1 f6
22. Kc2 Nf7 23. Rhf1 Rde8 24. Qd3 g5 25. b4 Nd8 26. Be1 e5 27. Bxh4 gxh4 28.
fxe5 fxe5 29. Rae1 e4 30. Qe3 Ref8 31. Nf4 Rhg8 32. Nh5 Ne6 33. Rxf8+ Rxf8 34.
Rf1 Qh2 35. Rxf8+ Ndxf8 36. Qd2 e3 37. Qxe3 Qxg2+ 38. Kc3 Qa2 0-1

[Event "Avoine op 25th"]
[Site "Avoine"]
[Date "2010.07.18"]
[Round "2"]
[White "Pucher, Sebastien"]
[Black "Le Goff, Ronan"]
[Result "0-1"]
[WhiteElo "2251"]
[BlackElo "1961"]
[PlyCount "56"]
[EventDate "2010.07.??"]
[EventType "swiss"]
[EventRounds "9"]
[EventCountry "FRA"]
[Source "Mark Crowther"]
[SourceDate "2010.08.02"]
[WhiteTeamCountry "FRA"]
[BlackTeamCountry "FRA"]

1. e4 e5 2. Bc4 Nf6 3. d3 Nc6 4. Nf3 Be7 5. O-O d6 6. a4 O-O 7. Re1 Kh8 8. a5
a6 9. c3 Ng8 10. Qb3 f5 11. exf5 Bxf5 12. Qxb7 d5 13. Qxc6 dxc4 14. dxc4 Nf6
15. Nxe5 Bd6 16. Qf3 Nd7 17. Nc6 Qc8 18. Qd1 Nc5 19. Nb4 Bg4 20. f3 Bxf3 21.
gxf3 Qh3 22. f4 Nb3 23. Qxb3 Bc5+ 24. Be3 Bxe3+ 25. Rxe3 Qxe3+ 26. Kg2 Qe2+ 27.
Kg3 Rxf4 28. Kxf4 Rf8+ 0-1

[Event "Avoine op 25th"]
[Site "Avoine"]
[Date "2010.07.18"]
[Round "2"]
[White "Dessenne, Francois"]
[Black "Bonn, Thomas"]
[Result "0-1"]
[WhiteElo "2063"]
[BlackElo "2250"]
[PlyCount "88"]
[EventDate "2010.07.??"]
[EventType "swiss"]
[EventRounds "9"]
[EventCountry "FRA"]
[Source "Mark Crowther"]
[SourceDate "2010.08.02"]
[WhiteTeamCountry "FRA"]
[BlackTeamCountry "FRA"]

1. e4 c5 2. Nf3 g6 3. d4 cxd4 4. Nxd4 Bg7 5. Nc3 Nc6 6. Be3 Nf6 7. Bc4 Qa5 8.
O-O O-O 9. Bb3 d6 10. h3 Bd7 11. f4 Rac8 12. Nf3 Nh5 13. e5 Rcd8 14. exd6 exd6
15. Kh2 Bxc3 16. bxc3 Qxc3 17. Bd2 Qc5 18. Ng5 d5 19. Be1 h6 20. Nf3 Nxf4 21.
Bg3 Nh5 22. Bh4 Ne7 23. Qd2 Kh7 24. Rae1 Be6 25. g4 Qc7+ 26. Ne5 Ng7 27. Kg2
Rde8 28. Ba4 Nc6 29. Bg3 Qc8 30. Nf3 d4 31. Bd6 Rg8 32. Nxd4 Bxa2 33. Nb3 Rxe1
34. Qxe1 f5 35. Qa1 Bxb3 36. Bxb3 Re8 37. gxf5 Nxf5 38. Rf2 Ncd4 39. Ba4 Re3
40. Qa2 Nh4+ 41. Kg1 Nhf3+ 42. Rxf3 Rxf3 43. c3 Qxh3 44. Qg2 Qxg2+ 0-1

[Event "Avoine op 25th"]
[Site "Avoine"]
[Date "2010.07.18"]
[Round "2"]
[White "Heurtebize, Christophe"]
[Black "Godart, Francois"]
[Result "0-1"]
[WhiteElo "2057"]
[BlackElo "2240"]
[PlyCount "29"]
[EventDate "2010.07.??"]
[EventType "swiss"]
[EventRounds "9"]
[EventCountry "FRA"]
[Source "Mark Crowther"]
[SourceDate "2010.08.02"]
[WhiteTeamCountry "FRA"]
[BlackTeamCountry "FRA"]

1. c4 f5 2. g3 Nf6 3. Bg2 d6 4. Nc3 g6 5. d4 Bg7 6. Nh3 O-O 7. O-O Qe8 8. Nf4
c6 9. d5 Na6 10. dxc6 bxc6 11. Qd4 Nb8 12. Nb5 Qd7 13. Ne6 cxb5 14. Bxa8 Qxe6
15. cxb5 0-1